Normal view
MARC view
- التعليم الخاص-صعوبات التعلم-طرق التعلم
Entry Topical Term
001 - CONTROL NUMBER
- control field: 31133
003 - CONTROL NUMBER IDENTIFIER
- control field: JO-AjAnu
005 - DATE AND TIME OF LATEST TRANSACTION
- control field: 20230606075239.0
008 - FIXED-LENGTH DATA ELEMENTS
- fixed length control field: 230606|| aca||aabn | a|a d
040 ## - CATALOGING SOURCE
- Original cataloging agency: JO-AjAnu
- Transcribing agency: JO-AjAnu
150 ## - HEADING--TOPICAL TERM
- Topical term or geographic name entry element: التعليم الخاص-صعوبات التعلم-طرق التعلم
670 ## - SOURCE DATA FOUND
- Source citation: Work cat.: (JO-AjAnu)15987: الخطيب،عاكف عبدالله , author 31132, غرفة المصادر كبديل تربوي لذوي الإحتياجات الخاصة (دليل عملي لمعلمي صعوبات التعلم)